00574nam a2200169Ia 4500008004100000020001800041041000800059082001600067100004100083245004100124250000600165260004100171300001200212650003100224999001900255952013000274210716s2016 xx 000 0 und d a9788126554003 aeng a003.54 RAIR aRainer, R Kelly; Cegielski, Casey G. aIntroduction to information systems. a4 aNew DelhibWiley India Pvt Ltdc2016 axiv,466 aInformation Theory(003.54) c197176d197176 001040708MCAaAIMITbAIMITeKnowledge Worldg769.00l0o003.54 RAIRpMCA16691r2025-07-21 00:00:00v576.75w2021-07-16yBK